000 00779nam a22001937a 4500
008 140319b xxu||||| |||| 00| 0 eng d
020 _a9780273712312
050 _aHF5635.E428
100 _aElliott, Barry
245 _aFinancial accounting and reporting. /
_cBarry Elliott
250 _a12th ed.
260 _aBoston:
_bPrentice Hall,
_cc2008.
300 _axxiv, 889 p.:
_bill (diagrams)
_c24cm.
500 _aIncludes index
505 _aContents: Income and asset value measurement systems -- Regulatory framework - an attempt to achieve uniformity -- Balance sheet - equity, liability and asset measurement and disclosure -- Consolidated accounts -- Interpretation -- Accountability -- Appendix
650 _aAccounting
700 _aElliott, Jamie
942 _2lcc
_cBK
999 _c2724
_d10224